00325nam a2200121Ia 4500008004100000041000800041082001600049100002100065245004400086260003200130300003000162365001100192240624s9999 xx 000 0 und d aeng a658.402 BRI aBRICKLEY JAMES A aDESIGNING ORGANIZATIONS TO CREATE VALUE c2003aNew YorkbMcGraw-Hill axi, , 308 , 25 : p. : cm. cRSb30